Normal view
MARC view
- Superviser DR SYED MUHAMMAD TAHIR ZAIDI
Entry Personal Name
001 - CONTROL NUMBER
- control field: 70454
003 - CONTROL NUMBER IDENTIFIER
- control field: NUST
005 - DATE AND TIME OF LATEST TRANSACTION
- control field: 20210628204453.0
008 - FIXED-LENGTH DATA ELEMENTS
- fixed length control field: 210628|| aca||aabn | a|a d
040 ## - CATALOGING SOURCE
- Original cataloging agency: NUST
- Transcribing agency: NUST
100 ## - HEADING--PERSONAL NAME
- Personal name: Superviser DR SYED MUHAMMAD TAHIR ZAIDI
670 ## - SOURCE DATA FOUND
- Source citation: Work cat.: (NUST): NAUMAN RAZZAQ 70453, TH-SOF-1484-CARDIAC SIGNAL PROCESSING FOR CLASSIFICATION OF SUPRAVENTRICULAR TACHYCARDIA USING INTRACARDIAC SIGNALS, 2017
